[Event "Dutch Open 2009"]
[Site "Dieren NED"]
[Date "2009.07.22"]
[Round "2.2"]
[White "Wohl, Aleksandar H"]
[Black "Vovk, Yuri"]
[Result "1/2-1/2"]
[WhiteElo "2387"]
[BlackElo "2567"]
[PlyCount "67"]
[EventDate "2009.07.21"]
[EventType "swiss"]
[EventRounds "9"]
[EventCountry "NED"]
[Source "lmi"]
[SourceDate "2009.07.21"]

1. b3 e5 2. Bb2 Nc6 3. c4 Nf6 4. e3 a6 5. Nc3 Bc5 6. Nf3 d6 7. Be2 O-O 8. O-O
Bf5 9. d4 exd4 10. Nxd4 Nxd4 11. exd4 Ba7 12. Bf3 Rb8 13. Re1 c6 14. d5 c5 15.
Ne4 Ne8 16. Qd2 b5 17. Qc3 b4 18. Qe3 Bb6 19. Qf4 Bc8 20. Qg3 Bc7 21. Bh5 Bf5
22. Re3 g6 23. Qf4 f6 24. Ng3 Ng7 25. Rae1 Qd7 26. Re7 Rbe8 27. Nxf5 Nxf5 28.
Rxe8 Rxe8 29. Rxe8+ Qxe8 30. Kf1 Nd4 31. Bxd4 cxd4 32. Be2 Qe5 33. Qxe5 fxe5
34. Bd3 1/2-1/2

[Event "Dutch Open 2009"]
[Site "Dieren NED"]
[Date "2009.07.22"]
[Round "2.3"]
[White "Van Delft, Merijn"]
[Black "Ikonnikov, Vyacheslav"]
[Result "1/2-1/2"]
[WhiteElo "2360"]
[BlackElo "2556"]
[PlyCount "71"]
[EventDate "2009.07.21"]
[EventType "swiss"]
[EventRounds "9"]
[EventCountry "NED"]
[Source "lmi"]
[SourceDate "2009.07.21"]

1. e4 c5 2. Nf3 Nc6 3. d4 cxd4 4. Nxd4 e5 5. Nb5 d6 6. c4 Be7 7. N1c3 a6 8. Na3
Be6 9. Nc2 Bg5 10. Bxg5 Qxg5 11. Nd5 Rd8 12. g3 h5 13. h4 Qh6 14. Bg2 Nf6 15.
Qd3 Bxd5 16. cxd5 Ne7 17. Ne3 g5 18. Bf3 gxh4 19. Rxh4 Qg5 20. O-O-O Ng6 21.
Rh3 h4 22. Kb1 hxg3 23. Rxg3 Qf4 24. Ng2 Qh6 25. Bg4 Nf4 26. Qf3 Nxg2 27. Qxg2
Qf4 28. Bf5 Rh4 29. Rb3 b5 30. f3 Rh2 31. Qg1 Rd2 32. Rxd2 Qxd2 33. a3 Nd7 34.
Bxd7+ Rxd7 35. Rc3 Ke7 36. Qg4 1/2-1/2

[Event "Dutch Open 2009"]
[Site "Dieren NED"]
[Date "2009.07.22"]
[Round "2.4"]
[White "Nijboer, Friso"]
[Black "Van Eijk, Sander"]
[Result "1-0"]
[WhiteElo "2552"]
[BlackElo "2338"]
[PlyCount "61"]
[EventDate "2009.07.21"]
[EventType "swiss"]
[EventRounds "9"]
[EventCountry "NED"]
[Source "lmi"]
[SourceDate "2009.07.21"]

1. e4 c5 2. Nf3 e6 3. Nc3 a6 4. d4 cxd4 5. Nxd4 Qc7 6. Bd3 Bd6 7. Be3 Nf6 8.
Qe2 Bf4 9. Bxf4 Qxf4 10. g3 Qh6 11. e5 Ng8 12. Ne4 Nc6 13. Nd6+ Kf8 14. Nxc6
dxc6 15. f4 g6 16. Qe3 Ne7 17. Qb6 Kg8 18. c4 Qf8 19. O-O-O Kg7 20. Bc2 a5 21.
g4 f5 22. exf6+ Qxf6 23. Kb1 h6 24. Ne4 Qf8 25. Qd4+ Kg8 26. h4 Qg7 27. Qd8+
Qf8 28. Qc7 Kf7 29. h5 gxh5 30. f5 hxg4 31. fxe6+ 1-0

[Event "Dutch Open 2009"]
[Site "Dieren NED"]
[Date "2009.07.22"]
[Round "2.5"]
[White "Bezemer, Arno"]
[Black "Giri, Anish"]
[Result "0-1"]
[WhiteElo "2332"]
[BlackElo "2518"]
[PlyCount "84"]
[EventDate "2009.07.21"]
[EventType "swiss"]
[EventRounds "9"]
[EventCountry "NED"]
[Source "lmi"]
[SourceDate "2009.07.21"]

1. d4 d5 2. c4 c6 3. Nf3 Nf6 4. Nc3 dxc4 5. a4 Bf5 6. e3 e6 7. Bxc4 Bb4 8. O-O
O-O 9. Qe2 Nbd7 10. e4 Bg6 11. Bd3 h6 12. e5 Nd5 13. Bxg6 fxg6 14. Nxd5 cxd5
15. Qb5 Qe7 16. a5 a6 17. Qd3 g5 18. Ra4 Rac8 19. h4 gxh4 20. Qg6 Rxf3 21. gxf3
Nf8 22. Qg4 Kh7 23. f4 g6 24. Kh1 Rc2 25. f5 exf5 26. Qf4 Kg8 27. Qxh6 Rc4 28.
Bg5 Qg7 29. Qxh4 Ne6 30. Rd1 Nxg5 31. Qxg5 Be7 32. Qg2 Qh6+ 33. Kg1 Rxa4 34.
Qxd5+ Kf8 35. Qxb7 Qg5+ 36. Kf1 Qg4 37. f3 Qh3+ 38. Kg1 Bg5 39. Qb3 Bf4 40. Kf2
Qh2+ 41. Kf1 Bg3 42. Qe3 f4 0-1

[Event "Dutch Open 2009"]
[Site "Dieren NED"]
[Date "2009.07.22"]
[Round "2.6"]
[White "Swinkels, Robin"]
[Black "Van Assendelft, Floris"]
[Result "1-0"]
[WhiteElo "2516"]
[BlackElo "2332"]
[PlyCount "79"]
[EventDate "2009.07.21"]
[EventType "swiss"]
[EventRounds "9"]
[EventCountry "NED"]
[Source "lmi"]
[SourceDate "2009.07.21"]

1. d4 Nf6 2. c4 g6 3. g3 Bg7 4. Bg2 O-O 5. Nf3 d6 6. O-O Nbd7 7. Nc3 c6 8. e4
a6 9. Re1 e5 10. a4 a5 11. b3 exd4 12. Nxd4 Re8 13. h3 Nc5 14. Bf4 Nfd7 15. Be3
Nf8 16. Qc2 f5 17. exf5 Bxd4 18. Bxd4 Bxf5 19. Qa2 Nfe6 20. Be3 Qf6 21. Ne2 Nd3
22. Rf1 Nec5 23. Nf4 Nb4 24. Qe2 Nxb3 25. Rad1 Nc5 26. Qd2 Ncd3 27. g4 Nxf4 28.
Bxf4 Bc2 29. Qxd6 Re6 30. Qc7 Bxd1 31. Rxd1 Rae8 32. Bg3 Re1+ 33. Rxe1 Rxe1+
34. Kh2 Qe7 35. Qxa5 Nd3 36. Qd2 Ne5 37. f4 Nxc4 38. Qxe1 Ne3 39. Bf2 Nd5 40.
Bxd5+ 1-0

[Event "Dutch Open 2009"]
[Site "Dieren NED"]
[Date "2009.07.22"]
[Round "2.7"]
[White "Kuipers, Stefan"]
[Black "Vovk, Andrey"]
[Result "0-1"]
[WhiteElo "2324"]
[BlackElo "2506"]
[PlyCount "90"]
[EventDate "2009.07.21"]
[EventType "swiss"]
[EventRounds "9"]
[EventCountry "NED"]
[Source "lmi"]
[SourceDate "2009.07.21"]

1. e4 c5 2. Nf3 e6 3. d4 cxd4 4. Nxd4 a6 5. Bd3 Qc7 6. c4 Nf6 7. Nc3 d6 8. O-O
Be7 9. Be3 b6 10. Rc1 Bb7 11. b4 O-O 12. Kh1 Nbd7 13. f4 Rfe8 14. Nb3 Rad8 15.
Qe2 Qb8 16. Bg1 Qa8 17. Bb1 Rc8 18. Nd2 g6 19. a3 Nh5 20. Na4 Rc6 21. e5 b5 22.
Nc3 bxc4 23. exd6 Bxd6 24. Be3 Rec8 25. Nde4 Be7 26. Rcd1 Rd8 27. Bc2 Nhf6 28.
Bd4 Rcc8 29. Rfe1 Nxe4 30. Nxe4 Qb8 31. Qe3 Bxe4 32. Qxe4 Bf6 33. Bxf6 Nxf6 34.
Rxd8+ Rxd8 35. Qxc4 Rd2 36. g3 Qb6 37. Re2 Rd7 38. h3 Rc7 39. Qd3 Nd5 40. Kh2
Rc3 41. Qd2 Rxa3 42. f5 Qd6 43. Qg5 h6 44. Qg4 Nf6 45. Qh4 exf5 0-1

[Event "Dutch Open 2009"]
[Site "Dieren NED"]
[Date "2009.07.22"]
[Round "2.9"]
[White "Soumya, Swaminathan"]
[Black "Karthikeyan, P."]
[Result "1-0"]
[WhiteElo "2309"]
[BlackElo "2478"]
[PlyCount "71"]
[EventDate "2009.07.21"]
[EventType "swiss"]
[EventRounds "9"]
[EventCountry "NED"]
[Source "lmi"]
[SourceDate "2009.07.21"]

1. e4 e5 2. Nf3 Nc6 3. Bb5 a6 4. Ba4 Nf6 5. O-O b5 6. Bb3 Bc5 7. d3 d6 8. c3 h6
9. Nbd2 O-O 10. Re1 Bb7 11. Nf1 d5 12. exd5 Nxd5 13. Ng3 Nb6 14. Nxe5 Nxe5 15.
Rxe5 Bd6 16. Rh5 Bxg3 17. hxg3 Qd7 18. g4 Qc6 19. Rh2 g5 20. f4 Rae8 21. fxg5
hxg5 22. d4 Re4 23. Bxg5 Qg6 24. Bh4 Rxg4 25. Qxg4 Qxg4 26. Bf6 Qg7 27. Bxg7
Kxg7 28. Re1 Nc4 29. Re7 Bd5 30. Rxc7 Re8 31. Rh5 Rd8 32. Rc5 Be6 33. d5 Bd7
34. Bxc4 bxc4 35. Rxc4 Kg6 36. Re5 1-0

[Event "Dutch Open 2009"]
[Site "Dieren NED"]
[Date "2009.07.22"]
[Round "2.10"]
[White "Lalith, Babu M.R"]
[Black "Van Dooren, Dirk"]
[Result "1-0"]
[WhiteElo "2472"]
[BlackElo "2308"]
[PlyCount "161"]
[EventDate "2009.07.21"]
[EventType "swiss"]
[EventRounds "9"]
[EventCountry "NED"]
[Source "lmi"]
[SourceDate "2009.07.21"]

1. Nf3 f5 2. c4 Nf6 3. g3 g6 4. Bg2 Bg7 5. O-O O-O 6. d4 d6 7. Nc3 Nc6 8. d5
Ne5 9. Qb3 Nxf3+ 10. Bxf3 Nd7 11. Be3 Ne5 12. Bg2 Ng4 13. Bf4 h6 14. Rad1 g5
15. Bc1 f4 16. Nb5 Bd7 17. Nd4 Rb8 18. Ne6 Bxe6 19. dxe6 c6 20. Qf3 Ne5 21. Qe4
Qc8 22. gxf4 gxf4 23. Bh3 Qe8 24. Bxf4 Qg6+ 25. Qxg6 Nxg6 26. Bg3 Nf4 27. Bg4
h5 28. Bf3 Bxb2 29. c5 Be5 30. cxd6 Bxd6 31. Kh1 Kg7 32. Rg1 Kh6 33. Be4 Rf6
34. Bh4 Nh3 35. Bxf6 Nxf2+ 36. Kg2 Nxe4 37. Bh4 Bc5 38. Rgf1 Rg8+ 39. Kh3 Rg4
40. Rd8 Ng5+ 41. Bxg5+ Rxg5 42. e4 Re5 43. Rf5 Rxf5 44. exf5 Kg5 45. Rf8 Bd4
46. Kg2 Bf6 47. Rb8 b6 48. Rc8 c5 49. Rc7 Kxf5 50. Rxa7 Ke4 51. Rd7 b5 52. Kf2
b4 53. Ke2 h4 54. Rd8 Ke5 55. Rc8 Kd6 56. Kd3 Bd4 57. Rg8 Kxe6 58. Rg4 Bf6 59.
Kc4 Kd6 60. h3 Kc6 61. Rg8 Bd4 62. Rd8 Bf2 63. Rf8 Bd4 64. Rf4 Bf6 65. Rf5 Bd4
66. Rh5 Bf2 67. Rh6+ Kd7 68. Kd5 Ke8 69. Ke6 Kd8 70. Rh8+ Kc7 71. Kd5 Kb6 72.
Rb8+ Kc7 73. Rf8 Bd4 74. Rf4 Kb6 75. Rxh4 Kb5 76. Rxd4 cxd4 77. Kxd4 Ka4 78.
Kc4 e5 79. h4 e4 80. h5 e3 81. Kd3 1-0

[Event "Dutch Open 2009"]
[Site "Dieren NED"]
[Date "2009.07.22"]
[Round "2.11"]
[White "Otte, Marijn"]
[Black "Visser, Yge"]
[Result "0-1"]
[WhiteElo "2298"]
[BlackElo "2464"]
[PlyCount "100"]
[EventDate "2009.07.21"]
[EventType "swiss"]
[EventRounds "9"]
[EventCountry "NED"]
[Source "lmi"]
[SourceDate "2009.07.21"]

1. e4 g6 2. d4 d6 3. Nc3 a6 4. a4 Bg7 5. Nf3 Nd7 6. Be3 e6 7. Qd2 h6 8. a5 Ne7
9. Bd3 f5 10. Qe2 O-O 11. Bc4 Nf6 12. e5 Nfd5 13. Bd2 Nxc3 14. Bxc3 d5 15. Bd3
g5 16. h3 Rf7 17. g3 Bd7 18. Nd2 c5 19. dxc5 d4 20. Bb4 Nc6 21. Ba3 Nxe5 22. f4
Nxd3+ 23. cxd3 Bc6 24. Rg1 Qxa5 25. O-O-O Bd5 26. g4 b5 27. cxb6 Rc8+ 28. Nc4
Qxb6 29. gxf5 Rfc7 30. Kb1 Rxc4 31. dxc4 Bxc4 32. Rd3 Qb5 33. Ka1 Qxf5 34. Rc1
gxf4 35. b3 Bxd3 36. Rxc8+ Kh7 37. Qf2 Qe5 38. Bc1 Qa5+ 39. Kb2 Be2 40. Kb1
Bd3+ 41. Kb2 Be2 42. Kb1 Qb5 43. Rc7 Qxb3+ 44. Bb2 Bd3+ 45. Kc1 e5 46. Qh4 Bf5
47. Qf6 Qe3+ 48. Kd1 Qd3+ 49. Ke1 Qb1+ 50. Bc1 Qxc1+ 0-1

[Event "Dutch Open 2009"]
[Site "Dieren NED"]
[Date "2009.07.22"]
[Round "2.12"]
[White "Brandenburg, Daan"]
[Black "Van Ruitenburg, Joost"]
[Result "1-0"]
[WhiteElo "2463"]
[BlackElo "2302"]
[PlyCount "57"]
[EventDate "2009.07.21"]
[EventType "swiss"]
[EventRounds "9"]
[EventCountry "NED"]
[Source "lmi"]
[SourceDate "2009.07.21"]

1. e4 e5 2. Nf3 Nc6 3. Bc4 Nf6 4. Ng5 d5 5. exd5 Na5 6. Bb5+ c6 7. dxc6 bxc6 8.
Bd3 Bc5 9. O-O O-O 10. Nc3 Bb6 11. h3 Re8 12. b4 Nb7 13. Bb2 h6 14. Nge4 Nd5
15. b5 Nf4 16. bxc6 Na5 17. Qf3 Nxc6 18. Ne2 Nxd3 19. cxd3 Ba6 20. N2g3 Bd4 21.
Bc3 Ne7 22. Rfe1 Ng6 23. Nf5 Bxc3 24. dxc3 Qxd3 25. Re3 Qc2 26. Nxg7 Kxg7 27.
Qf6+ Kf8 28. Rf3 Re7 29. Qxg6 1-0

[Event "Dutch Open 2009"]
[Site "Dieren NED"]
[Date "2009.07.22"]
[Round "2.13"]
[White "Ootes, Lars"]
[Black "Bitalzadeh, Ali"]
[Result "1/2-1/2"]
[WhiteElo "2261"]
[BlackElo "2434"]
[PlyCount "125"]
[EventDate "2009.07.21"]
[EventType "swiss"]
[EventRounds "9"]
[EventCountry "NED"]
[Source "lmi"]
[SourceDate "2009.07.21"]

1. Nf3 Nf6 2. c4 g6 3. Nc3 Bg7 4. g3 O-O 5. Bg2 d6 6. O-O e5 7. d3 Nc6 8. Rb1
a5 9. a3 Nd4 10. Bg5 Ne6 11. Bxf6 Bxf6 12. b4 axb4 13. axb4 c6 14. b5 Bg7 15.
e3 Ra3 16. Rb3 Rxb3 17. Qxb3 f5 18. Nd2 Bd7 19. Ra1 f4 20. Nce4 Bh6 21. Nf1 f3
22. Bh1 Bc8 23. Ra8 cxb5 24. cxb5 Kh8 25. Nfd2 d5 26. Rxc8 Qxc8 27. Qxd5 Rd8
28. Qc4 Ng5 29. Qxc8 Rxc8 30. Nxg5 Rc1+ 31. Nf1 Bxg5 32. Bxf3 b6 33. Kg2 Rc3
34. h4 Bf6 35. Nd2 Rxd3 36. Nc4 Rb3 37. Bc6 Bd8 38. Nxe5 Kg7 39. e4 Rc3 40. Ng4
Be7 41. e5 Kf7 42. Bd5+ Kf8 43. Bc6 h5 44. Ne3 Bc5 45. Kf3 Bxe3 46. fxe3 Rc5
47. Kf4 Ke7 48. e4 Rc3 49. Bd5 Ra3 50. Bc4 Rc3 51. Bd5 Ra3 52. Bc4 Ra4 53. Bd5
Rb4 54. Kg5 Rxb5 55. Kxg6 Rb1 56. Kxh5 b5 57. g4 b4 58. Kg6 b3 59. Bxb3 Rxb3
60. h5 Rb6+ 61. Kg7 Re6 62. h6 Rxe5 63. h7 1/2-1/2

[Event "Dutch Open 2009"]
[Site "Dieren NED"]
[Date "2009.07.22"]
[Round "2.14"]
[White "Miedema, Roi"]
[Black "Kodentsov, Grigori"]
[Result "1-0"]
[WhiteElo "2432"]
[BlackElo "2279"]
[PlyCount "73"]
[EventDate "2009.07.21"]
[EventType "swiss"]
[EventRounds "9"]
[EventCountry "NED"]
[Source "lmi"]
[SourceDate "2009.07.21"]

1. d4 Nf6 2. c4 g6 3. Nc3 Bg7 4. e4 d6 5. f3 O-O 6. Be3 Nc6 7. Nge2 a6 8. Qd2
Rb8 9. Rc1 Bd7 10. Nd1 e6 11. Nf2 Ne7 12. g3 Ne8 13. Bg2 b5 14. c5 b4 15. O-O
Bb5 16. Rfd1 Nc6 17. d5 Ne5 18. Nd4 exd5 19. exd5 dxc5 20. Nxb5 Rxb5 21. Rxc5
Nd6 22. Rxb5 Nec4 23. Bg5 Qa8 24. Qc1 Bxb2 25. Qf4 axb5 26. Ng4 f5 27. Nh6+ Kg7
28. Qh4 Qa7+ 29. Kh1 Re8 30. g4 Qa4 31. Re1 Qxa2 32. Be7 Bc3 33. gxf5 Qd2 34.
Rg1 Bd4 35. f6+ Kh8 36. f7 Nxf7 37. Qf6+ 1-0

[Event "Dutch Open 2009"]
[Site "Dieren NED"]
[Date "2009.07.22"]
[Round "2.15"]
[White "Duijker, Rick"]
[Black "Burg, Twan"]
[Result "0-1"]
[WhiteElo "2240"]
[BlackElo "2422"]
[PlyCount "164"]
[EventDate "2009.07.21"]
[EventType "swiss"]
[EventRounds "9"]
[EventCountry "NED"]
[Source "lmi"]
[SourceDate "2009.07.21"]

1. d4 e6 2. c3 d5 3. Bf4 c5 4. e3 Nc6 5. Nd2 Nf6 6. Ngf3 Bd6 7. Bg3 O-O 8. Bd3
Qe7 9. O-O Bxg3 10. hxg3 e5 11. dxe5 Nxe5 12. Nxe5 Qxe5 13. Nf3 Qh5 14. Re1 Bg4
15. Be2 Rfe8 16. Nh2 Bxe2 17. Qxe2 Qf5 18. Rad1 Rad8 19. Nf3 Qe6 20. Qb5 b6 21.
Qa4 Rd7 22. Re2 Red8 23. a3 Qf5 24. Qf4 Qe6 25. Qa4 a5 26. Ng5 Qe7 27. Qb3 h6
28. Nf3 Rd6 29. Red2 Qe6 30. Re2 Qe8 31. a4 Qe6 32. Qc2 Qg4 33. Red2 Ne4 34.
Rd3 Qe6 35. Nd2 f5 36. Nxe4 fxe4 37. R3d2 Kh8 38. Qb3 Qf5 39. Qb5 Qe6 40. Qb3
h5 41. Qb5 g6 42. Qe2 Qe5 43. Qb5 Qf5 44. Qa6 Kg7 45. Qb7+ R8d7 46. Qa8 Qe6 47.
Qc8 Qf7 48. Qa8 Rd8 49. Qa6 Kh6 50. Qb5 Qf5 51. Qa6 Qe6 52. Qb7 g5 53. Kh2 h4
54. g4 Kg6 55. Kg1 R6d7 56. Qa6 Qxg4 57. Qxb6+ Rd6 58. Qb5 h3 59. Qf1 Kf5 60.
f3 exf3 61. Qxf3+ Qxf3 62. gxf3 g4 63. fxg4+ Ke4 64. c4 d4 65. exd4 cxd4 66.
Re1+ Kf4 67. c5 Rc6 68. Red1 Ke4 69. Re1+ Kf4 70. Red1 Ke3 71. Rd3+ Ke4 72. Kh2
Rxc5 73. Kxh3 Rc2 74. b3 Re2 75. Kg3 Rd5 76. Kh3 Re3+ 77. Rxe3+ Kxe3 78. b4
axb4 79. Rb1 d3 80. Rxb4 d2 81. Rb3+ Kf4 82. Rb4+ Kg5 0-1

[Event "Dutch Open 2009"]
[Site "Dieren NED"]
[Date "2009.07.22"]
[Round "2.16"]
[White "Shyam, Sundar M"]
[Black "Van Blokland, Tjerk"]
[Result "1-0"]
[WhiteElo "2415"]
[BlackElo "2014"]
[PlyCount "179"]
[EventDate "2009.07.21"]
[EventType "swiss"]
[EventRounds "9"]
[EventCountry "NED"]
[Source "lmi"]
[SourceDate "2009.07.21"]

1. e4 c5 2. Nf3 Nc6 3. Bb5 g6 4. Bxc6 dxc6 5. d3 Bg7 6. h3 e5 7. Be3 Qe7 8. Qd2
Nf6 9. Bh6 O-O 10. Bxg7 Kxg7 11. Qc3 Nd7 12. a4 b6 13. O-O f6 14. Nbd2 Rd8 15.
Nh2 Nf8 16. f4 exf4 17. Rxf4 Ne6 18. Rf2 Nd4 19. Ndf3 Qd6 20. Raf1 Rf8 21. Qd2
Be6 22. Ne1 Qg3 23. Nhf3 Rad8 24. Nxd4 cxd4 25. a5 c5 26. Rf4 Rf7 27. Kh1 Rdf8
28. R4f3 Qc7 29. axb6 axb6 30. g4 Qe5 31. Ng2 Bd7 32. Nf4 Be6 33. Qg2 b5 34. h4
Bc8 35. Qg3 c4 36. g5 Kg8 37. Nd5 Qxg3 38. Rxg3 fxg5 39. Rxf7 Rxf7 40. hxg5 Kg7
41. Kg1 Ra7 42. Nb4 Ra1+ 43. Kf2 Bd7 44. Rg1 Ra4 45. c3 dxc3 46. bxc3 Ra3 47.
Rc1 cxd3 48. Ke3 h6 49. gxh6+ Kxh6 50. Kxd3 g5 51. Kd4 g4 52. Ke5 Kg5 53. Kd6
Be8 54. e5 g3 55. e6 Kg4 56. Nd5 Kf3 57. Rf1+ Ke2 58. Rf8 Ra6+ 59. Ke5 Bc6 60.
Rg8 Kf2 61. Nb4 Ra8 62. Rxa8 Bxa8 63. e7 g2 64. e8=Q g1=Q 65. Qxa8 Qg5+ 66. Kd6
Qf6+ 67. Kc5 Qxc3+ 68. Kxb5 Qe5+ 69. Nd5 Qb2+ 70. Kc5 Qc2+ 71. Kd4 Qd2+ 72. Ke4
Qc2+ 73. Ke5 Qe2+ 74. Kd6 Qe4 75. Qa7+ Kg3 76. Qg1+ Kh4 77. Qh2+ Kg5 78. Qg3+
Qg4 79. Qe3+ Kh4 80. Qe7+ Kg3 81. Kc5 Kh3 82. Qe1 Qc8+ 83. Kd4 Qh8+ 84. Kd3
Qh7+ 85. Ke2 Qe4+ 86. Ne3 Qe8 87. Qf1+ Kh4 88. Qf4+ Kh5 89. Kf2 Kg6 90. Kg3 1-0

[Event "Dutch Open 2009"]
[Site "Dieren NED"]
[Date "2009.07.22"]
[Round "2.17"]
[White "Ernst, Sipke"]
[Black "Sprangers, Remco"]
[Result "1-0"]
[WhiteElo "2598"]
[BlackElo "2222"]
[PlyCount "69"]
[EventDate "2009.07.21"]
[EventType "swiss"]
[EventRounds "9"]
[EventCountry "NED"]
[Source "lmi"]
[SourceDate "2009.07.21"]

1. c4 e5 2. e3 Nf6 3. Nc3 Bb4 4. Nge2 b6 5. a3 Be7 6. d4 exd4 7. exd4 O-O 8. g3
Bb7 9. d5 d6 10. Bg2 Nbd7 11. Nd4 Ne5 12. b3 Qd7 13. f4 Ng6 14. O-O Rfe8 15.
Qd3 Bf8 16. Bb2 Ng4 17. Nd1 Ne7 18. h3 Nh6 19. Ne3 c5 20. dxc6 Nxc6 21. Nxc6
Bxc6 22. Bxc6 Qxc6 23. Nd5 f5 24. Rfe1 Rxe1+ 25. Rxe1 Re8 26. Re3 Qd7 27. Kf2
Qf7 28. a4 Rxe3 29. Qxe3 Qd7 30. Qe2 Nf7 31. Qd3 h5 32. Qe2 h4 33. g4 Nd8 34.
g5 Ne6 35. Qh5 1-0

[Event "Dutch Open 2009"]
[Site "Dieren NED"]
[Date "2009.07.22"]
[Round "2.19"]
[White "Reinderman, Dimitri"]
[Black "Kabanof, Nikolai"]
[Result "1-0"]
[WhiteElo "2565"]
[BlackElo "2137"]
[PlyCount "59"]
[EventDate "2009.07.21"]
[EventType "swiss"]
[EventRounds "9"]
[EventCountry "NED"]
[Source "lmi"]
[SourceDate "2009.07.21"]

1. e4 d6 2. d4 g6 3. Nc3 Bg7 4. Be3 a6 5. Qd2 b5 6. h4 h5 7. Nh3 Bb7 8. Ng5 Nd7
9. O-O-O e6 10. f4 Qe7 11. f5 gxf5 12. exf5 Ngf6 13. fxe6 fxe6 14. Bd3 O-O-O
15. Rhe1 Nd5 16. Nxd5 Bxd5 17. a4 Kb7 18. axb5 axb5 19. Bxb5 Nb6 20. Qd3 Ra8
21. c4 Ra1+ 22. Kc2 Rxd1 23. Kxd1 Bxg2 24. d5 exd5 25. Bxb6 Qf6 26. Be3 Bf3+
27. Nxf3 Qxf3+ 28. Kc2 Qf6 29. Qxd5+ Kb8 30. Ba7+ 1-0

[Event "Dutch Open 2009"]
[Site "Dieren NED"]
[Date "2009.07.22"]
[Round "2.20"]
[White "Ellenbroek, Ton"]
[Black "Bosch, Jeroen"]
[Result "0-1"]
[WhiteElo "2115"]
[BlackElo "2456"]
[PlyCount "66"]
[EventDate "2009.07.21"]
[EventType "swiss"]
[EventRounds "9"]
[EventCountry "NED"]
[Source "lmi"]
[SourceDate "2009.07.21"]

1. d4 f5 2. g3 Nf6 3. Bg2 g6 4. c4 Bg7 5. Nf3 O-O 6. O-O d6 7. Nc3 Qe8 8. d5 a5
9. Be3 Na6 10. Qc1 Ng4 11. Bd4 Bh6 12. Ng5 Bd7 13. f4 c5 14. dxc6 bxc6 15. h3
e5 16. Bf2 Nxf2 17. Rxf2 Bg7 18. Nf3 e4 19. Ne1 Be6 20. e3 Qf7 21. Bf1 Nc5 22.
Rc2 Rfb8 23. b3 a4 24. Rb1 axb3 25. axb3 Rxb3 26. Rxb3 Nxb3 27. Qd1 Rd8 28. Ne2
Qa7 29. Kf2 Qc5 30. Nc3 Na5 31. Ne2 Bxc4 32. Nd4 Bxd4 33. exd4 Qd5 0-1

[Event "Dutch Open 2009"]
[Site "Dieren NED"]
[Date "2009.07.22"]
[Round "2.21"]
[White "Hendriks, Willy"]
[Black "Van Helvoort, Rob"]
[Result "1-0"]
[WhiteElo "2444"]
[BlackElo "2213"]
[PlyCount "44"]
[EventDate "2009.07.21"]
[EventType "swiss"]
[EventRounds "9"]
[EventCountry "NED"]
[Source "lmi"]
[SourceDate "2009.07.21"]

1. e4 c5 2. Nf3 e6 3. c3 Nf6 4. e5 Nd5 5. Bc4 d6 6. d4 cxd4 7. cxd4 Be7 8. exd6
Qxd6 9. O-O O-O 10. Nc3 Nxc3 11. bxc3 Nd7 12. Qe2 Nb6 13. Bb3 Bf6 14. Re1 Bd7
15. Ng5 Bxg5 16. Bxg5 Rfc8 17. Rac1 Ba4 18. Qg4 Bxb3 19. axb3 Nd7 20. Re3 Nf8
21. Rg3 f5 22. Qe2 f4 1-0

[Event "Dutch Open 2009"]
[Site "Dieren NED"]
[Date "2009.07.22"]
[Round "2.22"]
[White "Dijk, Rogier"]
[Black "Tondivar, Babak"]
[Result "0-1"]
[WhiteElo "2138"]
[BlackElo "2372"]
[PlyCount "90"]
[EventDate "2009.07.21"]
[EventType "swiss"]
[EventRounds "9"]
[EventCountry "NED"]
[Source "lmi"]
[SourceDate "2009.07.21"]

1. c4 e6 2. d4 d5 3. Nf3 Nf6 4. g3 Bb4+ 5. Bd2 Be7 6. Bg2 O-O 7. O-O c6 8. b3
Nbd7 9. Qc2 b6 10. Bc3 Bb7 11. Nbd2 c5 12. Rfd1 Rc8 13. Qb2 cxd4 14. Bxd4 Rc7
15. cxd5 Bxd5 16. Rac1 Rxc1 17. Rxc1 Qa8 18. Ne1 Bxg2 19. Nxg2 Rc8 20. Rc4 Rxc4
21. Nxc4 Qc6 22. Ne1 h5 23. Nf3 Qe4 24. h4 Bc5 25. Bxc5 Nxc5 26. Ng5 Qd5 27.
Ne5 Nce4 28. Nexf7 Qd1+ 29. Kg2 Nd2 30. Nh6+ gxh6 31. Qxf6 hxg5 32. hxg5 Qxe2
33. g6 Qe4+ 34. Kg1 Nf3+ 35. Kf1 Nd2+ 36. Kg1 Nf3+ 37. Kf1 Qf5 38. Qe7 Qxg6 39.
Qd8+ Kg7 40. Qc7+ Qf7 41. Qc3+ e5 42. Kg2 Nd4 43. Qe3 Qd5+ 44. Kh2 Kg6 45. f4
e4 0-1

[Event "Dutch Open 2009"]
[Site "Dieren NED"]
[Date "2009.07.22"]
[Round "2.23"]
[White "Motoc, Alina"]
[Black "Ten Vergert, Paul"]
[Result "1-0"]
[WhiteElo "2315"]
[BlackElo "2025"]
[PlyCount "55"]
[EventDate "2009.07.21"]
[EventType "swiss"]
[EventRounds "9"]
[EventCountry "NED"]
[Source "lmi"]
[SourceDate "2009.07.21"]

1. d4 Na6 2. c4 c5 3. d5 d6 4. Nc3 g6 5. e4 Bg7 6. Bd3 Nf6 7. h3 O-O 8. Nf3 Nc7
9. O-O e5 10. Bg5 h6 11. Be3 Kh7 12. Nh2 Nh5 13. Qd2 Bd7 14. g4 Nf6 15. f4 exf4
16. Bxf4 Qe7 17. Rae1 Ng8 18. e5 dxe5 19. Nf3 Rae8 20. Nxe5 Qd8 21. Qc2 Kh8 22.
Bg3 Bf6 23. Qh2 Na6 24. Ne4 Bxe5 25. Bxe5+ Kh7 26. Bd6 f5 27. Bxf8 fxe4 28.
Rf7+ 1-0

[Event "Dutch Open 2009"]
[Site "Dieren NED"]
[Date "2009.07.22"]
[Round "2.24"]
[White "Boulahfa, Hicham"]
[Black "Hoeksema, Hendrik Pieter"]
[Result "0-1"]
[WhiteElo "2022"]
[BlackElo "2309"]
[PlyCount "46"]
[EventDate "2009.07.21"]
[EventType "swiss"]
[EventRounds "9"]
[EventCountry "NED"]
[Source "lmi"]
[SourceDate "2009.07.21"]

1. d4 Nf6 2. c4 g6 3. Nc3 Bg7 4. g3 O-O 5. Bg2 Nc6 6. e3 d6 7. Nge2 Bd7 8. O-O
a6 9. Bd2 Rb8 10. Rc1 e5 11. Be1 Re8 12. h3 h5 13. Nd5 exd4 14. Nxd4 Nxd4 15.
Nxf6+ Qxf6 16. Bc3 c5 17. b3 h4 18. g4 Bc6 19. exd4 cxd4 20. Ba1 Qf4 21. f3 d5
22. c5 Be5 23. Kh1 Qh2# 0-1

[Event "Dutch Open 2009"]
[Site "Dieren NED"]
[Date "2009.07.22"]
[Round "2.25"]
[White "Overeem, Marc"]
[Black "Lambrechts, Koen"]
[Result "1/2-1/2"]
[WhiteElo "2303"]
[BlackElo "2076"]
[PlyCount "178"]
[EventDate "2009.07.21"]
[EventType "swiss"]
[EventRounds "9"]
[EventCountry "NED"]
[Source "lmi"]
[SourceDate "2009.07.21"]

1. Nf3 Nf6 2. c4 c6 3. d4 d5 4. e3 Bf5 5. Nc3 e6 6. Nh4 Bg4 7. Qb3 Qb6 8. h3
Bh5 9. g4 Bg6 10. Nxg6 hxg6 11. g5 Nfd7 12. Bd2 Be7 13. f4 Na6 14. c5 Qxb3 15.
axb3 Nc7 16. Bd3 Nf8 17. O-O-O f6 18. h4 Kf7 19. b4 b5 20. Kc2 f5 21. Ra1 Nd7
22. Ne2 a6 23. Nc1 Rh7 24. Nb3 Rah8 25. Be1 Nb8 26. Be2 Ke8 27. Nc1 Kf7 28. Nd3
Nd7 29. Bf2 Ra8 30. Rag1 Rah8 31. Rh3 Ke8 32. Rgh1 Kf7 33. Ne1 Na8 34. Nf3 Nc7
35. Rg1 Ke8 36. Rgh1 Kf7 37. Nh2 Na8 38. Nf1 Nc7 39. Nd2 Nb8 40. Rg1 Nd7 41.
Rg2 Na8 42. h5 Ke8 43. Rgh2 Bd8 44. h6 Kf7 45. Nf3 Be7 46. Bf1 Nc7 47. Kd1 Bf8
48. hxg7 Kxg7 49. Nh4 Be7 50. Be2 Nf8 51. Ke1 Nd7 52. Kf1 Nf8 53. Kg2 Nd7 54.
Rh1 Nf8 55. Bg3 Nd7 56. R3h2 Nb8 57. Nf3 Rxh2+ 58. Bxh2 Nd7 59. Ra1 Ra8 60. Nd2
Bd8 61. Nb3 Ne8 62. Bg3 Kf7 63. Rh1 Kg7 64. Be1 Rc8 65. Bc3 Nf8 66. Nd2 Kg8 67.
Nf3 Bc7 68. Rh6 Kg7 69. Rh1 Kg8 70. Ra1 Ra8 71. Rh1 Rc8 72. Kf2 Kg7 73. Kg3 Kg8
74. Bf1 Kg7 75. Bh3 Kg8 76. Ra1 Ra8 77. Bf1 Kg7 78. Bd3 Kg8 79. Nd2 Nh7 80. Kf3
Nf8 81. e4 Nd7 82. exd5 exd5 83. Re1 Kf7 84. Rh1 Ng7 85. Nf1 Nf8 86. Ng3 Nfe6
87. Ne2 Rb8 88. Bd2 Ra8 89. Bc3 Rb8 1/2-1/2